000 00941nam a22002651u 4500
001 05973
003 HDC
007 cr bn ---
008 210122p xx fo d 00 engg
040 _aHDC
100 _aDr. Hani Mansour Al-Mazeedi
_96115
245 0 _aWorld Halal Week, Kuala Lumpur Malaysia 2013 :
_b"Halal Economy"
_c/ by Dr. Hani Mansour Al-Mazeedi
260 _a[No place] :
_b[publisher not identified],
_c2013
300 _a24 pages :
_bIllustrations
336 _atext
_2rdacontent
337 _acomputer
_2rdamedia
338 _aonline resource
_2rdacarrier
650 _aHalal economy
_92148
650 _aHalal food
_xReligious aspects
_91132
650 _aHalal industry
_9144
856 _zRequest full-text at [email protected]
942 _2lcc
942 _cSLIDE
942 _kSLID 000648
999 _c3297
_d3297